00306nam a2200133Ia 4500008004100000100001700041245002700058260001400085260000900099300000800108546001200116690002700128999001700155170620s9999 xx 000 0 und d aBENNETT P.N. 0aCLINICAL PHARMAACOLOGY bELESEVIER c2006 a916 aEnglish aCLINICAL PHARMAACOLOGY c30944d30944